[Event "IECC CL3-2002.35"]
[Site "IECC email"]
[Date "2002.11.08"]
[Round "?"]
[White "Bourgoin, Claude"]
[Black "Jerome, Laurent"]
[Result "1-0"]
[WhiteElo "1943"]
[BlackElo "1882"]
[PlyCount "71"]
[EventDate "2002.??.??"]
[EventType "tourn (corr)"]
[EventRounds "4"]
[SourceTitle "Corr 2008"]
[Source "ChessBase"]
[SourceDate "2008.06.24"]
[SourceVersion "1"]
[SourceVersionDate "2008.06.24"]
[SourceQuality "1"]

1. Nf3 Nf6 2. d4 g6 3. c4 d6 4. Nc3 Bg7 5. e4 0-0 6. Be2 e5 7. dxe5 dxe5 8. Qxd8 Rxd8 9. Bg5 Re8 10. Nd5 Nxd5 11. cxd5 c6 12. Bc4 cxd5 13. Bxd5 Nc6 14. 0-0 Bg4 15. Rac1 Rac8 16. a3 h6 17. Be3 Re7 18. h3 Bxf3 19. gxf3 Rec7 20. a4 Nd4 21. Kg2 Ne2 22. Rxc7 Rxc7 23. Bxa7 Nf4+ 24. Kg3 Nxd5 25. exd5 Rd7 26. Rc1 Rxd5 27. Rc8+ Kh7 28. Rc7 Ra5 29. Rxb7 Rxa4 30. Rxf7 Rb4 31. Bc5 Rxb2 32. Bf8 Kg8 33. Rxg7+ Kxf8 34. Rxg6 Kf7 35. Rxh6 Rb3 36. Kg2 1-0

[Event "IECC KO email"]
[Site "IECC email"]
[Date "1999.10.03"]
[Round "?"]
[White "Jerome, Laurent"]
[Black "Newman, Nelson"]
[Result "1/2-1/2"]
[WhiteElo "1973"]
[BlackElo "2051"]
[PlyCount "89"]
[EventDate "1999.??.??"]
[EventType "tourn (corr)"]
[EventRounds "6"]
[SourceTitle "Corr 2008"]
[Source "ChessBase"]
[SourceDate "2008.06.24"]
[SourceVersion "1"]
[SourceVersionDate "2008.06.24"]
[SourceQuality "1"]

1. e4 e6 2. d4 d5 3. Nc3 Bb4 4. e5 c5 5. a3 Bxc3+ 6. bxc3 Ne7 7. Qg4 Qc7 8. Qxg7 Rg8 9. Qxh7 cxd4 10. Ne2 Nbc6 11. f4 Bd7 12. Qd3 dxc3 13. Qxc3 Nf5 14. Rb1 d4 15. Qd3 0-0-0 16. Ng3 Nce7 17. Be2 Bc6 18. 0-0 Nd5 19. Rf2 Nxg3 20. hxg3 Nc3 21. Rb4 Be4 22. Qc4 Rxg3 23. Qxc7+ Kxc7 24. Rc4+ Kb8 25. Bf1 b5 26. Rb4 a5 27. Rb2 b4 28. axb4 a4 29. Rd2 Rg4 30. b5 Rxf4 31. Rb4 Bg6 32. Bb2 Kb7 33. Rc4 Rd5 34. g3 Rg4 35. Bg2 Rxg3 36. Kh2 Rxg2+ 37. Rxg2 Rxb5 38. Bxc3 dxc3 39. Rxa4 Rxe5 40. Rc4 Re3 41. Rg3 Re2+ 42. Rg2 Rxg2+ 43. Kxg2 Bxc2 44. Rxc3 Be4+ 45. Kf2 1/2-1/2

[Event "IECC Swiss email"]
[Site "IECC email"]
[Date "1999.08.20"]
[Round "?"]
[White "Malmstroem, Jan"]
[Black "Jerome, Laurent"]
[Result "1-0"]
[WhiteElo "2169"]
[BlackElo "1989"]
[PlyCount "29"]
[EventDate "1999.??.??"]
[EventType "tourn (corr)"]
[EventRounds "6"]
[SourceTitle "Corr 2008"]
[Source "ChessBase"]
[SourceDate "2008.06.24"]
[SourceVersion "1"]
[SourceVersionDate "2008.06.24"]
[SourceQuality "1"]

1. e4 e6 2. d4 d5 3. Nc3 Bb4 4. a3 Bxc3+ 5. bxc3 dxe4 6. f3 Bd7 7. Nh3 exf3 8. Qxf3 Bc6 9. Qg3 Nf6 10. Bd3 Nbd7 11. 0-0 0-0 12. Bg5 Re8 13. Rae1 Qe7 14. Re3 Kh8 15. Qh4 1-0

[Event "IECC CL3-1999.24"]
[Site "IECC email"]
[Date "1999.06.04"]
[Round "?"]
[White "Malm, Art"]
[Black "Jerome, Laurent"]
[Result "0-1"]
[WhiteElo "1879"]
[BlackElo "1967"]
[PlyCount "110"]
[EventDate "1999.??.??"]
[EventType "tourn (corr)"]
[EventRounds "4"]
[SourceTitle "Corr 2008"]
[Source "ChessBase"]
[SourceDate "2008.06.24"]
[SourceVersion "1"]
[SourceVersionDate "2008.06.24"]
[SourceQuality "1"]

1. d4 Nf6 2. f3 d5 3. e4 dxe4 4. Nc3 exf3 5. Nxf3 Bf5 6. Bd3 Bxd3 7. Qxd3 c6 8. 0-0 Nbd7 9. Bf4 e6 10. Nd2 Be7 11. Rae1 0-0 12. a3 Nd5 13. Bg3 Nxc3 14. Qxc3 Nb6 15. Ne4 Qd5 16. Qd3 Rad8 17. c3 Nc4 18. Qe2 c5 19. Bf2 cxd4 20. Bxd4 b6 21. Nf2 Rfe8 22. Rd1 Qb5 23. Ng4 Rd5 24. Ne3 Nxe3 25. Qxe3 Qxb2 26. Qf4 Rf8 27. Qc7 Rg5 28. Qb7 Bxa3 29. Rf2 Qb3 30. Rdf1 e5 31. Be3 Rg6 32. Qxa7 Qxc3 33. Bxb6 Qb3 34. Bc5 Ra6 35. Qe7 Bxc5 36. Qxc5 Qe6 37. Rd1 f6 38. Rfd2 Rc8 39. Qxc8+ Qxc8 40. Rd8+ Qxd8 41. Rxd8+ Kf7 42. Rd7+ Kg6 43. Re7 h5 44. Kf2 Kh6 45. Kf3 g5 46. h4 gxh4 47. Rf7 Kg6 48. Rc7 f5 49. Ke2 Ra3 50. Rc5 e4 51. Rc1 f4 52. Rc4 h3 53. gxh3 f3+ 54. Kf2 Ra2+ 55. Ke1 e3 0-1

[Event "IECC Th-Trio-341"]
[Site "IECC email"]
[Date "1999.03.02"]
[Round "?"]
[White "Haydock, Keith"]
[Black "Jerome, Laurent"]
[Result "1-0"]
[WhiteElo "2077"]
[BlackElo "1963"]
[PlyCount "75"]
[EventDate "1999.??.??"]
[EventType "tourn (corr)"]
[EventRounds "4"]
[SourceTitle "Corr 2008"]
[Source "ChessBase"]
[SourceDate "2008.06.24"]
[SourceVersion "1"]
[SourceVersionDate "2008.06.24"]
[SourceQuality "1"]

1. d4 Nf6 2. c4 g6 3. Nc3 Bg7 4. e4 d6 5. Nf3 0-0 6. Be2 e5 7. 0-0 Nc6 8. d5 Ne7 9. Ne1 Nd7 10. Nd3 f5 11. Bd2 Nf6 12. f3 f4 13. c5 g5 14. Rc1 Ng6 15. cxd6 cxd6 16. Nb5 Rf7 17. Qc2 Ne8 18. a4 h5 19. Nf2 Bf8 20. h3 Rg7 21. a5 Nh4 22. Be1 Bd7 23. Qb3 Rb8 24. Nxa7 g4 25. fxg4 Nf6 26. Nb5 hxg4 27. Nxg4 Nxe4 28. Qc4 Nc5 29. b4 Bxb5 30. Qxb5 Nb3 31. Rc3 Nd4 32. Qc4 Rc7 33. Qxc7 Nxe2+ 34. Kh1 Nxc3 35. Qxc3 Ng6 36. Qd3 Qg5 37. b5 Ne7 38. Bf2 1-0

[Event "IECC Th-Trio-341"]
[Site "IECC email"]
[Date "1999.03.02"]
[Round "?"]
[White "Surender, Anil"]
[Black "Jerome, Laurent"]
[Result "1/2-1/2"]
[WhiteElo "2008"]
[BlackElo "1961"]
[PlyCount "84"]
[EventDate "1999.??.??"]
[EventType "tourn (corr)"]
[EventRounds "4"]
[SourceTitle "Corr 2008"]
[Source "ChessBase"]
[SourceDate "2008.06.24"]
[SourceVersion "1"]
[SourceVersionDate "2008.06.24"]
[SourceQuality "1"]

1. d4 Nf6 2. c4 g6 3. Nc3 Bg7 4. e4 d6 5. Nf3 0-0 6. Be2 e5 7. 0-0 Nc6 8. d5 Ne7 9. Ne1 Nd7 10. Be3 f5 11. f3 f4 12. Bf2 g5 13. a4 h5 14. Nb5 a5 15. Nd3 b6 16. b4 axb4 17. Be1 Nf6 18. Bxb4 g4 19. a5 bxa5 20. Rxa5 Rb8 21. Ra7 g3 22. Nxc7 Ng6 23. Qa1 gxh2+ 24. Kxh2 Ng4+ 25. fxg4 hxg4 26. Bxg4 Bxg4 27. Ne6 Bxe6 28. dxe6 Qg5 29. Qe1 Rfc8 30. Bxd6 Rb3 31. Ra3 Rxa3 32. Bxa3 Rxc4 33. Kg1 Qd8 34. Qe2 Qb6+ 35. Kh1 Qxe6 36. Nb4 Rc3 37. Rf3 Qb3 38. Nd5 Rxf3 39. Qxf3 Qxf3 40. gxf3 Nh4 41. Bd6 Nxf3 42. Nxf4 exf4 1/2-1/2

[Event "IECC TH-M email"]
[Site "IECC email"]
[Date "1999.02.24"]
[Round "?"]
[White "Fox Decent, Evan"]
[Black "Jerome, Laurent"]
[Result "1/2-1/2"]
[WhiteElo "1757"]
[BlackElo "1970"]
[PlyCount "57"]
[EventDate "1999.??.??"]
[EventType "match (corr)"]
[EventRounds "2"]
[SourceTitle "Corr 2008"]
[Source "ChessBase"]
[SourceDate "2008.06.24"]
[SourceVersion "1"]
[SourceVersionDate "2008.06.24"]
[SourceQuality "1"]

1. d4 Nf6 2. c4 g6 3. Nc3 Bg7 4. e4 d6 5. Nf3 0-0 6. Be2 e5 7. d5 a5 8. Bg5 h6 9. Bh4 Na6 10. Nd2 Qe8 11. 0-0 Nh7 12. a3 Bd7 13. Kh1 a4 14. b4 h5 15. f3 Bh6 16. Ncb1 Be3 17. Bf2 Bxf2 18. Rxf2 f5 19. Nc3 fxe4 20. Ndxe4 Nf6 21. Rc1 Qf7 22. Nxf6+ Qxf6 23. Ne4 Qf4 24. c5 Bf5 25. g3 Qe3 26. Rc3 Qd4 27. Rd3 Qc4 28. Rc3 Qd4 29. Rd3 1/2-1/2

[Event "IECC Th-Trio-339"]
[Site "IECC email"]
[Date "1999.02.24"]
[Round "?"]
[White "Jerome, Laurent"]
[Black "Gonzaga Grego, Luis Jose"]
[Result "1-0"]
[WhiteElo "1948"]
[BlackElo "2002"]
[PlyCount "101"]
[EventDate "1999.??.??"]
[EventType "tourn (corr)"]
[EventRounds "4"]
[SourceTitle "Corr 2008"]
[Source "ChessBase"]
[SourceDate "2008.06.24"]
[SourceVersion "1"]
[SourceVersionDate "2008.06.24"]
[SourceQuality "1"]

1. e4 c5 2. Nf3 d6 3. d4 cxd4 4. Nxd4 Nf6 5. Nc3 g6 6. Be3 Bg7 7. f3 0-0 8. Qd2 Nc6 9. 0-0-0 Nxd4 10. Bxd4 Qa5 11. Kb1 e5 12. Be3 Be6 13. a3 Rad8 14. g4 Rd7 15. h4 Rfd8 16. Bd3 b6 17. Qc1 b5 18. Bxb5 Rb7 19. Bc6 Rbb8 20. Ka1 Rdc8 21. Nd5 Kh8 22. b4 Qa6 23. b5 Qa5 24. Nb4 Bc4 25. Rxd6 Bf8 26. Rhd1 Bxd6 27. Rxd6 Bxb5 28. Bxb5 Rxb5 29. Ra6 Qd8 30. c4 Rb7 31. Nc6 Qc7 32. Na5 Rbb8 33. Rxa7 Qd8 34. Ra6 Ra8 35. Nc6 Qc7 36. Na7 Qd8 37. Nc6 Qd6 38. c5 Qd3 39. Nb4 Qb3 40. c6 Rxa6 41. Nxa6 Ne8 42. Nc5 Qb5 43. Qb2 Qf1+ 44. Ka2 f6 45. g5 Qxf3 46. gxf6 Qxf6 47. Nd3 Qxc6 48. Qxe5+ Ng7 49. Bd4 Qc4+ 50. Ka1 Qf7 51. Nc5 1-0

[Event "IECC Th-Trio-339"]
[Site "IECC email"]
[Date "1999.02.24"]
[Round "?"]
[White "Jerome, Laurent"]
[Black "Kent, Kevin"]
[Result "1/2-1/2"]
[WhiteElo "1969"]
[BlackElo "1848"]
[PlyCount "58"]
[EventDate "1999.??.??"]
[EventType "tourn (corr)"]
[EventRounds "4"]
[SourceTitle "Corr 2008"]
[Source "ChessBase"]
[SourceDate "2008.06.24"]
[SourceVersion "1"]
[SourceVersionDate "2008.06.24"]
[SourceQuality "1"]

1. e4 c5 2. Nf3 d6 3. d4 cxd4 4. Nxd4 Nf6 5. Nc3 g6 6. Be3 Bg7 7. f3 0-0 8. Qd2 Nc6 9. Bc4 Bd7 10. 0-0-0 Ne5 11. Bb3 Rc8 12. h4 h5 13. Kb1 Nc4 14. Bxc4 Rxc4 15. Nb3 Qc7 16. Bd4 Rc8 17. Bxf6 Bxf6 18. Nd5 Rxc2 19. Nxc7 Rxd2 20. Rxd2 Rxc7 21. g3 Be5 22. f4 Bg7 23. Rc1 Rxc1+ 24. Kxc1 Bc6 25. Re2 e5 26. fxe5 Bxe5 27. Re3 b5 28. Kc2 a6 29. Na5 Ba8 1/2-1/2

[Event "IECC TH-M email"]
[Site "IECC email"]
[Date "1998.09.19"]
[Round "?"]
[White "Surender, Anil"]
[Black "Jerome, Laurent"]
[Result "1-0"]
[WhiteElo "1946"]
[BlackElo "1983"]
[PlyCount "125"]
[EventDate "1998.??.??"]
[EventType "match (corr)"]
[EventRounds "2"]
[SourceTitle "Corr 2008"]
[Source "ChessBase"]
[SourceDate "2008.06.24"]
[SourceVersion "1"]
[SourceVersionDate "2008.06.24"]
[SourceQuality "1"]

1. e4 c5 2. Nf3 d6 3. d4 cxd4 4. Nxd4 Nf6 5. Nc3 g6 6. Be3 Bg7 7. f3 0-0 8. Qd2 Nc6 9. 0-0-0 Bd7 10. h4 h5 11. Bc4 Rc8 12. Bb3 Ne5 13. Bg5 Rc5 14. Kb1 b5 15. g4 a5 16. gxh5 a4 17. Bxf6 Bxf6 18. Bd5 e6 19. hxg6 exd5 20. h5 Bg5 21. Qg2 Nc4 22. Nxd5 Rxd5 23. exd5 Ne3 24. Qg3 Nxd1 25. Rxd1 Qf6 26. gxf7+ Rxf7 27. Ne6 Bxe6 28. dxe6 Rg7 29. Qxd6 Qxf3 30. h6 Re7 31. Rg1 Kh7 32. Qc5 Bf6 33. Qc8 Kxh6 34. Qg8 Bg7 35. Qd8 Bf6 36. Qd2+ Kh5 37. Qh2+ Bh4 38. Qe5+ Kh6 39. Qh8+ Rh7 40. Qd4 Qf6 41. Qd2+ Bg5 42. Rh1+ Kg7 43. Qd7+ Qe7 44. Rxh7+ Kxh7 45. Qxb5 Kg6 46. Qxa4 Qxe6 47. a3 Kf5 48. Qa5+ Kg4 49. Qb5 Qe1+ 50. Ka2 Qd2 51. Qb4+ Qxb4 52. axb4 Kf5 53. Kb3 Ke5 54. Kc4 Bc1 55. b3 Kd6 56. Kb5 Be3 57. Ka6 Bf4 58. c4 Kc6 59. b5+ Kc5 60. b6 Kb4 61. Kb7 Be3 62. Kc6 Bf4 63. Kd7 1-0